<The> perception of the competitiveness of companies and evaluation of the competitiveness
Vnímanie konkurencie (konkurencieschopnosti). Konkurencia na rôznych úrovniach - národná konkurencia, odvetvová konkurencia, podniková konkurencia. Výhody konkurencie. Hodnotenie konkurencie podnikov.
Gespeichert in:
| 1. Verfasser: | |
|---|---|
| Format: | Buchkapitel |
| Sprache: | Englisch |
| Schlagworte: | |
| Tags: |
Keine Tags, Fügen Sie das erste Tag hinzu!
|
MARC
| LEADER | 00000nla$a2200000$$$4500 | ||
|---|---|---|---|
| 001 | 0147993 | ||
| 005 | 20240502072652.5 | ||
| 041 | 0 | |a eng | |
| 044 | |a SK | ||
| 245 | 1 | 0 | |a <The> perception of the competitiveness of companies and evaluation of the competitiveness |c Gabriela Džuganová |
| 520 | |a Vnímanie konkurencie (konkurencieschopnosti). Konkurencia na rôznych úrovniach - národná konkurencia, odvetvová konkurencia, podniková konkurencia. Výhody konkurencie. Hodnotenie konkurencie podnikov. | ||
| 610 | 2 | 0 | |a konkurencia |
| 610 | 2 | 0 | |a konkurencieschopnosť |
| 610 | 2 | 0 | |a podnik |
| 100 | 1 | |a Džuganová, Gabriela | |